[Event "POL-chT 2nd League"]
[Site "Ustron"]
[Date "2008.09.12"]
[Round "6.65"]
[White "Kulik, Wojciech"]
[Black "Sroka, Janusz"]
[Result "1/2-1/2"]
[WhiteElo "2046"]
[BlackElo "2156"]
[PlyCount "78"]
[EventDate "2008.09.06"]
[EventType "team-swiss"]
[EventRounds "9"]
[EventCountry "POL"]
[SourceTitle "EXT 2015"]
[Source "ChessBase"]
[SourceDate "2014.11.20"]
[SourceVersion "1"]
[SourceVersionDate "2014.11.20"]
[SourceQuality "1"]
[WhiteTeam "Milanowek UKS Jedwabnik"]
[BlackTeam "Mikolow AKS"]
[WhiteTeamCountry "POL"]
[BlackTeamCountry "POL"]

1. e4 e5 2. Nf3 d6 3. d4 Nd7 4. Nc3 Ngf6 5. Bc4 Be7 6. 0-0 0-0 7. h3 c6 8. dxe5 dxe5 9. a4 a5 10. Qe2 Qc7 11. Nh4 Nc5 12. Nf5 Be6 13. Nxe7+ Qxe7 14. Bg5 h6 15. Bh4 Bxc4 16. Qxc4 Ne6 17. Ne2 g5 18. Bg3 Nf4 19. Bxf4 gxf4 20. Rfd1 Rad8 21. Nc3 Kh7 22. Rxd8 Rxd8 23. Rd1 Kg7 24. Rd3 Rxd3 25. Qxd3 Qb4 26. b3 Kf8 27. Qd8+ Ne8 28. Qd3 Ke7 29. g3 fxg3 30. Qxg3 Qd6 31. Qd3 Nf6 32. Ne2 Nh5 33. Ng3 Nxg3 34. Qxg3 b5 35. Qc3 b4 36. Qc4 Kf6 37. Kg2 Kg7 38. Kg3 Qg6+ 39. Kh2 Qd6 1/2-1/2

[Event "POL-chT 2nd League"]
[Site "Wysowa"]
[Date "2005.09.01"]
[Round "6.35"]
[White "Kasperek, Ryszard"]
[Black "Kulik, Wojciech"]
[Result "0-1"]
[WhiteElo "2226"]
[BlackElo "2046"]
[PlyCount "49"]
[EventDate "2005.08.27"]
[EventType "team-swiss"]
[EventRounds "9"]
[EventCountry "POL"]
[SourceTitle "EXT 2019"]
[Source "ChessBase"]
[SourceDate "2018.10.10"]
[SourceVersion "1"]
[SourceVersionDate "2018.10.10"]
[SourceQuality "1"]
[WhiteTeam "Rolnik Roza"]
[BlackTeam "Milanowek UKS Jedwabnik"]
[WhiteTeamCountry "POL"]
[BlackTeamCountry "POL"]

1. e4 c5 2. Nf3 d6 3. d4 cxd4 4. Nxd4 Nf6 5. Nc3 a6 6. f4 Nbd7 7. Nf3 Qc7 8. Bd3 e5 9. 0-0 Be7 10. Qe1 b5 11. Kh1 Bb7 12. a3 0-0 13. Nh4 Rfe8 14. Nf5 Bf8 15. Qh4 exf4 16. Bxf4 Ne5 17. Bxe5 Rxe5 18. Nh6+ gxh6 19. Qxf6 Bg7 20. Qh4 Qe7 21. Qh3 Re8 22. Rf4 d5 23. Nxd5 Bxd5 24. exd5 Rxd5 25. Bf1 0-1

[Event "POL-chT 2nd League"]
[Site "Wysowa"]
[Date "2005.08.28"]
[Round "2.59"]
[White "Kulik, Wojciech"]
[Black "Kanarek, Marcel"]
[Result "0-1"]
[WhiteElo "2046"]
[BlackElo "2026"]
[PlyCount "60"]
[EventDate "2005.08.27"]
[EventType "team-swiss"]
[EventRounds "9"]
[EventCountry "POL"]
[SourceTitle "EXT 2019"]
[Source "ChessBase"]
[SourceDate "2018.10.10"]
[SourceVersion "1"]
[SourceVersionDate "2018.10.10"]
[SourceQuality "1"]
[WhiteTeam "Milanowek UKS Jedwabnik"]
[BlackTeam "Koszalin Hetman Politechnika"]
[WhiteTeamCountry "POL"]
[BlackTeamCountry "POL"]

1. e4 c5 2. Nc3 Nc6 3. f4 g6 4. Nf3 Bg7 5. Bc4 d6 6. 0-0 Nf6 7. d3 Bg4 8. Bb5 0-0 9. Bxc6 bxc6 10. h3 Bxf3 11. Qxf3 Qb6 12. Rb1 Nd7 13. Be3 Rab8 14. Na4 Qa5 15. b3 Nb6 16. Nxb6 axb6 17. a4 b5 18. axb5 cxb5 19. Qf2 Ra8 20. e5 Qc3 21. d4 Ra2 22. dxc5 dxe5 23. Rbc1 exf4 24. Qxf4 f5 25. Qf3 Kh8 26. Rfd1 e5 27. Rd3 Qb4 28. Qb7 e4 29. Rd7 Qc3 30. Bd2 Qd4+ 0-1